000 00560nam a2200229Ia 4500
005 20241129115900.0
008 241129s9999||||xx |||||||||||||| ||und||
020 _a9781350107793
037 _aTB
040 _aSDCL
_beng
_cSDCL
041 _aeng
_2eng
084 _aR4, R3
_qSDCL
100 _aAngier Tom
_9315800
245 0 _aEthics : The key thinkers
250 _a2nd
260 _aU S A
_bBloomsbury
_c2023
300 _avii290p
365 _aGBP
_b16.99
650 _aPhilosophy
942 _cTB
_hR4, R3
999 _c1232418
_d1232418